000 02222nam a2200445 c 4500
100 1 _aАрнаудов, Михаил Петров
_933558
999 _c123840
_d123840
003 BLK
005 20240313005505.0
008 180409b bul|||||r ||||||| ||bul||
010 _aKNG00129503000
040 _aBLK
041 _aBUL
_cBUL
072 7 _2bullib
_aА
_xФонд Михаил Арнаудов
080 _aБългарска литература
_b821.163.2
_x(092)
_z821.163.2(092)
080 _aБългарски поет
_b929 Яворов, Пейо Крачолов
_z929 Яворов, Пейо Крачолов
139 _aАрнаудов, Михаил Петров
_bЯ 18
245 1 0 _aСъдбата на П. К. Яворов
_bПо повод публикуваното следствено дело
_cМихаил Петров Арнаудов.
257 _aBGR
260 _bХудожник
_c1926
_fСофия : Художник
300 _a41 с.
_c21 см
380 _a82
490 _9396381
_aЧастна колекция - Академик Михаил Арнаудов
_gДарение - Основен фонд
500 _aКор. опис. - С прил. Писма на Яворов до Лора. - Екз. от Фонд М. Арнаудов е отпеч. от Бълг. мисъл, 1, 1925-1926, № 3, с. 311-326, № 4-5, с. 412-431. - Инв. № подв. към Арнаудов, Михаил. Канонът на българската литература и е с твърда подв. - Инв. № 319853 с мека подв.
650 4 _aПоети, български - биографии
_9277817
651 4 _aБългария
_9241624
653 _aПейо Яворов
653 _aбългарски поети
653 _aбиографии
659 _aА
852 _aМА 98
_bМА
852 _aЦб 8.235.7056
_bО
856 4 _qpdf
856 4 _qpdf
942 _cKNG
_n0
_s1
944 _aCR
_c04.04.2012
_lCRON CRON
_k
944 _aED
_c11.10.2016
_l04.04.2012 - от С1,Р / 04.04.2012
_kГеновева_Генчева
999 _d123840
999 _d123840
999 _d123840